000 00325nab a22001097u 4500
008 130520b2004 xxu||||| |||| 00| 0 spa d
041 _aspa
100 1 _aCollins, Marie L.
_972839
245 0 0 _aSilencio roto: las víctimas
_cMarie L. Collins
773 0 _tConcilium
_gnº306,2004,págs. 15-26
_x0210-1041
_wRev134
942 _cAR
999 _c370057
_d370057